Central Library OPAC University of Rajshahi

Demosthenes IV / (Record no. 21973)

MARC details
000 -LEADER
fixed length control field 00889nam a22002177a 4500
001 - CONTROL NUMBER
control field 21973
003 - CONTROL NUMBER IDENTIFIER
rucl marc code BD-RjUL
005 - DATE AND TIME OF LATEST TRANSACTION
control field 20211209000743.0
008 - FIXED-LENGTH DATA ELEMENTS--GENERAL INFORMATION
fixed length control field 140306r19461939enk 000 0 eng d
035 ## - SYSTEM CONTROL NUMBER
System control number (BD-RjUL)22038
040 ## - CATALOGING SOURCE
Original cataloging agency BD-RjUL
Language of cataloging eng
Transcribing agency BD-RjUL
041 ## - LANGUAGE CODE
Language code of text/sound track or separate title eng
082 ## - DEWEY DECIMAL CLASSIFICATION NUMBER
Classification number 885.008
Author mark and year DED V-4 1946
100 1# - MAIN ENTRY--PERSONAL NAME
Personal name Demosthenes
9 (RLIN) 67856
245 ## - TITLE STATEMENT
Title Demosthenes IV /
Statement of responsibility, etc. with an English translation by A T Murray.
Number of part/section of a work Volume IV :
Name of part/section of a work Private orations XXVII-XL
260 ## - PUBLICATION, DISTRIBUTION, ETC. (IMPRINT)
Place of publication, distribution, etc. London :
Name of publisher, distributor, etc. William Heinemann,
Date of publication, distribution, etc. [Reprinted 1946].
300 ## - PHYSICAL DESCRIPTION
Pagination xiv, 522 p. ;
Size 17 cm.
505 1# - FORMATTED CONTENTS NOTE
Formatted contents note Against Aphobus -- Against Onetor -- Against Zenothemis -- Against Apaturius -- Against Phormio -- Against Lacritus -- A friend pleading for Phormio -- Against Pantaenetus -- Against Nausimachus and Xenopeithes -- Against Boeotus.
650 #0 - SUBJECT ADDED ENTRY--TOPICAL TERM
Topical term or geographic name as entry element Speeches, addresses, etc.,
Geographic subdivision Greek.
9 (RLIN) 67857
942 ## - ADDED ENTRY ELEMENTS (KOHA)
Source of classification or shelving scheme Dewey Decimal Classification
Koha item type Books
Holdings
Lost status Source of classification or shelving scheme Damaged status Not for loan Collection code Permanent Location Current Location Shelving location Date acquired Source of acquisition Cost, normal purchase price Total Checkouts Full call number Date last seen Copy number Koha item type
  Dewey Decimal Classification   Added to bundle Fiction Central Library, University of Rajshahi Central Library, University of Rajshahi Reading Room 10/03/1955 Sipkim Marshell 15.00   885.008 DED V-4 1946 06/03/2014 C-1 Books